Chemical engineering kinetics (Record no. 6589)

000 -LEADER
fixed length control field 00510nam a2200193 4500
001 - CONTROL NUMBER
control field 6589
003 - CONTROL NUMBER IDENTIFIER
control field BD-DhUET
008 - FIXED-LENGTH DATA ELEMENTS--GENERAL INFORMATION
fixed length control field 700825s1970 nyua b 001 0 eng
040 ## - CATALOGING SOURCE
Transcribing agency 0
Modifying agency BD-DhUET
Original cataloging agency DLC
082 00 - DEWEY DECIMAL CLASSIFICATION NUMBER
Classification number 541.39
Item number SMI/1970
100 ## - MAIN ENTRY--PERSONAL NAME
Personal name Smith, J. M.
245 10 - TITLE STATEMENT
Title Chemical engineering kinetics
250 ## - EDITION STATEMENT
Edition statement 2nd ed.
260 ## - PUBLICATION, DISTRIBUTION, ETC. (IMPRINT)
Place of publication, distribution, etc. New York
Name of publisher, distributor, etc. McGraw-Hill
Date of publication, distribution, etc. 1970
300 ## - PHYSICAL DESCRIPTION
Extent xviii, 612p.
Other physical details ill.
490 0# - SERIES STATEMENT
Series statement McGraw-Hill chemical engineering series
650 #0 - SUBJECT ADDED ENTRY--TOPICAL TERM
Topical term or geographic name as entry element Kinetics : Physical chemistry
942 ## - ADDED ENTRY ELEMENTS (KOHA)
Koha item type General Book
Holdings
Koha full call number Withdrawn status Date acquired Lost status Koha item type Damaged status Price effective from Koha normalized classification for sorting Source of classification or shelving scheme Copy number Piece designation (barcode) Location (home branch) Shelving location Not for loan Sublocation or collection (holding branch) Koha date last seen
541.39/SMI/1970 2014-12-04 General Book 2014-12-04541_390000000000000_SMI_1970 184576Central Library, BUETCirculation section Central Library, BUET2014-12-04
541.39/SMI/1970 2014-12-12 General Book 2014-12-12541_390000000000000_SMI_1970 229865Central Library, BUETCirculation section Central Library, BUET2014-12-12
541.39/SMI/1970 2014-12-12 General Book 2014-12-12541_390000000000000_SMI_1970 329867Central Library, BUETCirculation section Central Library, BUET2014-12-12
541.39/SMI/1970 2014-12-12 General Book 2014-12-12541_390000000000000_SMI_1970 429863Central Library, BUETCirculation section Central Library, BUET2014-12-12
541.39/SMI/1970 2015-03-11 General Book 2015-03-11541_390000000000000_SMI_1970 529871Central Library, BUETCirculation section Central Library, BUET2015-03-11
541.39/SMI/1970 2015-03-14 General Book 2015-03-14541_390000000000000_SMI_1970 629868Central Library, BUETCirculation section Central Library, BUET2015-03-14
541.39/SMI/1970 2015-03-14 General Book 2015-03-14541_390000000000000_SMI_1970 737045Central Library, BUETCirculation section Central Library, BUET2015-03-14
541.39/SMI/1970 2015-04-23 General Book 2015-04-23541_390000000000000_SMI_1970 829869Central Library, BUETCirculation section Central Library, BUET2015-04-23
541.39/SMI/1970 2015-04-23 General Book 2015-04-23541_390000000000000_SMI_1970 929859Central Library, BUETCirculation section Central Library, BUET2015-04-23
541.39/SMI/1970 2015-04-26 General Book 2015-04-26541_390000000000000_SMI_1970 1029870Central Library, BUETCirculation section Central Library, BUET2015-04-26
541.39/SMI/1970 2015-04-26 General Book 2015-04-26541_390000000000000_SMI_1970 1129861Central Library, BUETCirculation section Central Library, BUET2015-04-26
541.39/SMI/1970 2015-04-27 General Book 2015-04-27541_390000000000000_SMI_1970 1225967Central Library, BUETCirculation section Central Library, BUET2015-04-27
541.39/SMI/1970 2015-04-27 General Book 2015-04-27541_390000000000000_SMI_1970 1329860Central Library, BUETCirculation section Central Library, BUET2015-04-27
541.39/SMI/1970 2015-06-08 Reading Item 2015-06-08541_390000000000000_SMI_1970 1429862Central Library, BUETReading section Central Library, BUET2015-06-08
541.39/SMI/1970 2015-06-08 Reading Item 2015-06-08541_390000000000000_SMI_1970 1529866Central Library, BUETReading section Central Library, BUET2015-06-08
541.39/SMI/1970 2015-06-08 Reading Item 2015-06-08541_390000000000000_SMI_1970 1629872Central Library, BUETReading section Central Library, BUET2015-06-08
541.39/SMI/1970 2015-06-08 Reading Item 2015-06-08541_390000000000000_SMI_1970 1729864Central Library, BUETReading section Central Library, BUET2015-06-08